Gaming Quiz

Random Gaming or Console Quiz

Super Smash Bros. - GameCube Controller Quiz Stats

 Plays Quiz not verified by Sporcle

Score 0/9 Timer 01:30
1 Play Today
% Correct
Start Button
90.2%
Control Stick
88.4%
A Button
88.1%
D-Pad
80.1%
B Button
77.1%
L and R Button
75.6%
X and Y Button
72%
Z Button
70.5%
C-Stick
70.2%

You're not logged in!

Compare scores with friends on all Sporcle quizzes.
OR
Log In

You Might Also Like...

Show Comments

Extras

Top Quizzes Today


Score Distribution

Your Account Isn't Verified!

In order to create a playlist on Sporcle, you need to verify the email address you used during registration. Go to your Sporcle Settings to finish the process.

Report this User

Report this user for behavior that violates our Community Guidelines.

Details: